UBT Library

From cardiac catheterization data to hemodynamic parameters / (Record no. 47173)

000 -LEADER
fixed length control field 00633cam a2200229 i 4500
001 - CONTROL NUMBER
control field 3666979
005 - DATE AND TIME OF LATEST TRANSACTION
control field 20180814090353.0
008 - FIXED-LENGTH DATA ELEMENTS--GENERAL INFORMATION
fixed length control field 771206s1978 paua b 001 0 eng
010 ## - LIBRARY OF CONGRESS CONTROL NUMBER
LC control number 77026630
020 ## - INTERNATIONAL STANDARD BOOK NUMBER
International Standard Book Number 0803697066
040 ## - CATALOGING SOURCE
Original cataloging agency DLC
Transcribing agency DLC
Modifying agency DLC
041 ## - LANGUAGE CODE
Language code of text/sound track or separate title eng
060 ## - NATIONAL LIBRARY OF MEDICINE CALL NUMBER
Classification number WG141 F931
080 ## - UNIVERSAL DECIMAL CLASSIFICATION NUMBER
Universal Decimal Classification number 616.120754
082 00 - DEWEY DECIMAL CLASSIFICATION NUMBER
Classification number 616.120754
100 ## - Rafti
Rafti 7
101 ## - Shkurtesa
Shkurtesa KAR
245 00 - TITLE STATEMENT
Title From cardiac catheterization data to hemodynamic parameters /
Statement of responsibility, etc Sing San Yang ... [et al.].
504 ## - BIBLIOGRAPHY, ETC. NOTE
Bibliography, etc Includes bibliographical references and index.
906 ## - LOCAL DATA ELEMENT F, LDF (RLIN)
a 7
b cbc
c orignew
d 1
e ocip
f 19
g y-gencatlg
942 ## - ADDED ENTRY ELEMENTS (KOHA)
Source of classification or shelving scheme
Item type Books
Holdings
Withdrawn status Lost status Source of classification or shelving scheme Damaged status Not for loan Collection code Permanent location Current location Shelving location Date acquired Total Checkouts Full call number Barcode Date last seen Price effective from Koha item type
          Koleksioni i përgjithshem UBT - Lipjan UBT - Lipjan Koleksioni i përgjithshem 08/14/2018   616.120754 YAN 002-3011752 08/14/2018 08/14/2018 Books
UBT Library © 2015-2024. All rights reserved University Education for Business and Technology